01856nam a22003014 4500001000700000003000900007005001700016007001500033008004100048020003400089040004400123041000800167100005500175100003600230245005200266250003000318260003600348300004100384500015100425505068400576650001701260650002701277655003301304856007201337942001201409999001901421952011401440114550DR-UNIBE20260407124307.0cr nn 008mamaa260407b2026 xxu|||||s|||| 00| 0 eng d a9780443111013 (electrónico) aBIBLIOTECA UNIBEcBIBLIOTECA UNIBEerda aeng aHall, John E. (John Edward), d1946-945597eautor aHall, Michael E.9158109eautor10aGuyton and hall textbook of medical physiology  aDécima quinta edición aPhiladelphia :bElsevier,c2026 axix, 1162 páginas :bilustraciones aRecurso en línea: Disponible para miembros de UNIBE a través del portal web del CRAI: https://www.unibe.edu.do/biblioteca/libros-electronicos/ a I. Introduction to Physiology : The Cell and General Physiology | II. Membrane Physiology, Nerve, and Muscle | III. The Heart | IV. The Circulation | V. The Body Fluids and Kidneys | VI. Blood Cells, Immy, and Blood Coagulation | VII. Respiration | VIII. Aviation, Space, and Deep-Sea Diving Physiology | IX. The Nervous System : A. General Principles and Sensory Physiology | X. The Nervous System : B. The Special Senses | XI. The Nervous System : C. Motor and Integrative Neurophysiology | XII. Gastrointestinal Physiology | XIII. Metabolism and Temperature Regulation | XIV. Endocrinology and Reproduction | XV. Sports Physiology |  7aFisiología 7aMedicina2lemb9190212 4aRecurso electrónico942681 uhttps://www.clinicalkey.com/student/content/toc/3-s2.0-C20220008424 2ddccEB c114551d114551 00102ddc708eTEXTaPrincipald2026-04-07l0pEB0531r2026-04-07 12:44:03tcopias ilimitadasw2026-04-07yEB